LEADER 01482nam a2200289 i 4500 001 000000219872 003 CaOOAMICUS 005 20201021095204.0 008 130416s2012 it u000 u ita u 013 $a198769 020 $a978-88-465-0803-4 040 $aSeMil$bita 240 10$aSchöpfung als Heilseröffnung : Schöpfungslehre.$0(OLS)http://semarc/title/122418 245 10$a3: La creazione come apertura alla salvezza :$bdottrina sulla creazione /$cLeo Scheffczyk ; testo curato per l'edizione italiana da Manfred Hauke. 264 1$aCittā del Vaticano :$bLUP, Lateran University Press,$c2012. 300 $a467 p. ;$c25 cm. 650 4$aCreazione - Teologia.$0(OLS)http://semarc/subject/2265 650 4$aTeologia dogmatica.$0(OLS)http://semarc/subject/68 700 1 $aScheffczyk, Leo,$c.$0(OLS)http://semarc/name/110 773 0 $aScheffczyk, Leo $tDogmatica cattolica.$dCittā del Vaticano : Lateran University Press, 2010-$g3$w()23521 850 $aSeMil 852 $aSeMil$W1$xVenegono$y1$m2B VI 53$j170233$B170233$CSeMilBibl$Z2$F181014 $81 961 $aSottoscrizione: LI.CO.SA 996 $6020$a978-88-465-0803-4$9(OLS)http://semarc/number/218173 996 $6245$a3: La creazione come apertura alla salvezza :$bdottrina sulla creazione$9(OLS)http://semarc/title/315414 996 $6264$aCittā del Vaticano :$bLUP, Lateran University Press$9(OLS)http://semarc/publisher/32786 LEADER 01149nam a2200265 i 4500 001 000000063272 003 CaOOAMICUS 005 20250127122348.0 008 130926s1987 it u000 u ita u 013 $a34444 040 $aSeMil$bita 100 1 $aSchierse, Franz Joseph.$0(OLS)http://semarc/name/31987 240 10$aEinleitung in das Neue Testament.$0(OLS)http://semarc/title/46956 245 10$aIntroduzione al Nuovo Testamento /$cFranz Joseph Schierse ; edizione italiana a cura di Mario Masini. 260 $aBrescia :$bQueriniana,$c1987. 300 $a212 p. ;$c20 cm. 490 0 $aGiornale di teologia ;$v173 650 4$aBibbia. Nuovo Testamento - Introduzioni.$0(OLS)http://semarc/subject/1733 700 1 $aMasini, Mario,$d<1927- >.$0(OLS)http://semarc/name/11 830 0$aGiornale di teologia ;$v173.$0(OLS)http://semarc/title/419620 850 $aSeMil 852 $aSeMil$W1$xVenegono$y1$m2XA G 173$j254079$B29425$CSeMilBibl$Z2$F29428 $81 996 $6245$aIntroduzione al Nuovo Testamento$9(OLS)http://semarc/title/1544 996 $6260$aBrescia :$bQueriniana$9(OLS)http://semarc/publisher/29615